Statistics for Most Popular Kendrick Lamar Songs

Click here to take the quiz!

General Stats

  • This quiz has been taken 29 times
  • The average score is 6 of 10

Answer Stats

Song% Correct
Humble.
91%
DNA.
78%
All The Stars
61%
Alright
61%
LOVE.
61%
Swimming Pools
61%
Bitch, Don't Kill My Vibe
52%
LOYALTY
52%
King Kunta
48%
Poetic Justice
26%

Score Distribution

Percentile by Number Answered

Percent of People with Each Score

Your Score History

You have not taken this quiz